| 000 | 00579nam a22001817a 4500 | ||
|---|---|---|---|
| 003 | OSt | ||
| 008 | 260606b |||||||| |||| 00| 0 eng d | ||
| 020 | _a9789395700092 | ||
| 082 |
_a630.2511 _bA88G |
||
| 245 |
_aGoogle Earth Engine With Python For Climate Smart Agriculture/ _bby A. A. Atre...[et al.] |
||
| 260 |
_aDelhi: _bSatish Serial Publishing House, _c2024. |
||
| 300 | _axvi, 308 p. | ||
| 650 | _aAgriculture | ||
| 650 | _aScientific principles applied to agriculture | ||
| 650 | _aEarth sciences applied to agriculture | ||
| 700 | _aAtre, A. A. | ||
| 942 |
_2ddc _cBK |
||
| 999 |
_c51661 _d51661 |
||